Vista normal
Vista MARC
Entrada Materia (tema)
Número de registros utilizados en: 3
001 - CONTROL NUMBER
- control field: 176795
003 - CONTROL NUMBER IDENTIFIER
- control field: Co-BoUCM
005 - DATE AND TIME OF LATEST TRANSACTION
- control field: 20230216103855.0
008 - FIXED-LENGTH DATA ELEMENTS
- fixed length control field: 230216|| aca||aabn | a|a d
040 ## - CATALOGING SOURCE
- Original cataloging agency: Co-BoUCM
- Transcribing agency: Co-BoUCM
150 ## - HEADING--TOPICAL TERM
- Topical term or geographic name as entry element: Diseño de vestuario
670 ## - SOURCE DATA FOUND
- Source citation: Work cat.: (Co-BoUCM): 176794 Bicât, Tina, Costume and design for devised and physical theatre, 2012